| 000 | 00669nas a22001937a 4500 | ||
|---|---|---|---|
| 008 | 130514t20109999ag ||||| |||| 00| 0 spa d | ||
| 245 | _aColeccion Trabajos Clave | ||
| 260 |
_aCipolletti, _bSociedad Iberoamericana de Informacion Cientifica: _c2010 |
||
| 300 | _av. : | ||
| 440 |
_aTratamiento del Insomnio _92258 |
||
| 546 | _aespañol | ||
| 590 | _aIndizada en: SIIC Data Bases | ||
| 590 | _aExistencias: 2010 (1 ejemplar) | ||
| 650 |
_aINSOMNIO-TRATAMIENTO _92257 |
||
| 650 |
_aESZOPICLONA _92255 |
||
| 650 |
_aTRASTORNOS DEL INICIO Y DEL MANTENIMIENTO DEL SUEÑO-TRATAMIENTO _92254 |
||
| 856 | _uhttp://www.siicsalud.com/lmr/siicdatabases.php | ||
| 942 |
_2ddc _cCR |
||
| 999 |
_c1412 _d1412 |
||